000 00244nam a2200097Ia 4500
008 240625s9999 xx 000 0 und d
041 _aeng
082 _a808.20 GAN
100 _aGANDHI SAMRIDHI
245 _aINTERNATIONAL VAS MARKET ANALYSIS TO FIN
999 _c35530
_d35530